[Event "Montcalm 6 2017-18"]
[Site "Quebec CAN"]
[Date "2018.04.05"]
[Round "3"]
[White "Dumont, Eric"]
[Black "Cournoyer, Dominic"]
[Result "0-1"]
[WhiteElo "1710"]
[BlackElo "1965"]
[PlyCount "182"]
[EventDate "2018.03.22"]
[EventType "swiss"]
[EventRounds "5"]
[EventCountry "CAN"]

1. d4 Nf6 2. Bf4 d5 3. e3 c6 4. Nd2 Bf5 5. Ngf3 e6 6. c4 Nbd7 7. c5 Be7 8. h3
h6 9. Be2 O-O 10. O-O b5 11. b4 a5 12. Nb3 axb4 13. Qd2 Ra4 14. Bd1 Ne4 15. Qb2
Nc3 16. Nbd2 Nxd1 17. Rfxd1 Qa8 18. Nb3 Nf6 19. Ne5 Rd8 20. f3 Nd7 21. Nd3 Qa7
22. Nbc1 Bxd3 23. Nxd3 Ra8 24. Nxb4 Qb7 25. Nd3 Bf6 26. Bd6 Bg5 27. Bf4 Bxf4
28. exf4 Qc7 29. Ne5 Nxe5 30. fxe5 Qa5 31. Rd2 Ra3 32. f4 b4 33. Rb1 Rb8 34.
Qc2 Qb5 35. Qc1 Qa4 36. Qc2 Qxc2 37. Rxc2 Rd3 38. Rcb2 Rxd4 39. a3 Rxf4 40.
axb4 Rc4 41. Kf2 Re4 42. b5 cxb5 43. Rxb5 Rxb5 44. Rxb5 Rc4 45. Rb8+ Kh7 46.
Rc8 Kg6 47. g4 h5 48. Rc6 hxg4 49. h4 Kf5 50. h5 Kxe5 51. Rc7 Kf6 52. Kg3 d4
53. Kxg4 e5 54. Kf3 Rc3+ 55. Ke2 Ke6 56. Kd2 Rh3 57. Ra7 Rxh5 58. c6 Kd6 59. c7
Kd7 60. c8=Q+ Kxc8 61. Rxf7 Rg5 62. Kd3 Kd8 63. Ke4 Ke8 64. Ra7 Kf8 65. Rb7 Kg8
66. Rd7 Kh7 67. Rd6 Rg6 68. Rd8 Re6 69. Kf5 Re7 70. Rd6 Re8 71. Kg5 Ra8 72. Kf5
Ra5 73. Ke4 g6 74. Rd7+ Kh6 75. Rd8 Kh5 76. Rh8+ Kg4 77. Rg8 g5 78. Rg7 Kh4 79.
Rh7+ Kg3 80. Rg7 g4 81. Kf5 Kh3 82. Rxg4 e4+ 83. Kf4 e3 84. Rg8 e2 85. Re8 d3
86. Re3+ Kh2 87. Ke4 Ra3 88. Kd4 Kg2 89. Ke4 Kf2 90. Rf3+ Ke1 91. Rh3 Kd1 0-1

[Event "Montcalm 6 2017-18"]
[Site "Quebec CAN"]
[Date "2018.04.05"]
[Round "3"]
[White "Gaulin, Gaetan"]
[Black "Auger, Bertrand"]
[Result "1/2-1/2"]
[WhiteElo "1906"]
[BlackElo "1906"]
[PlyCount "65"]
[EventDate "2018.03.22"]
[EventType "swiss"]
[EventRounds "5"]
[EventCountry "CAN"]

1. c4 Nf6 2. g3 c5 3. Bg2 e6 4. Nf3 Be7 5. O-O O-O 6. d4 cxd4 7. Nxd4 a6 8. e4
Qc7 9. b3 Nc6 10. Nc3 Nxd4 11. Qxd4 Bc5 12. Qd3 Rb8 13. h3 d6 14. Bg5 Bd7 15.
Rfd1 Bc6 16. Rac1 Rfe8 17. Rc2 Nd7 18. Be3 Ne5 19. Qe2 Rbd8 20. Bxc5 dxc5 21.
f4 Rxd1+ 22. Qxd1 Rd8 23. Rd2 Rxd2 24. Qxd2 Qd7 25. Qxd7 Nxd7 26. Bf1 f6 27.
Kf2 Kf7 28. Ke3 h6 29. Be2 g6 30. h4 g5 31. Bh5+ Ke7 32. Be2 Kf7 33. Bh5+
1/2-1/2

[Event "Montcalm 6 2017-18"]
[Site "Quebec CAN"]
[Date "2018.04.05"]
[Round "3"]
[White "Hines, Jason"]
[Black "Leblanc-Legault, Mathieu"]
[Result "1-0"]
[WhiteElo "1469"]
[BlackElo "1723"]
[PlyCount "45"]
[EventDate "2018.03.22"]
[EventType "swiss"]
[EventRounds "5"]
[EventCountry "CAN"]

1. e4 c6 2. Bc4 d5 3. Bb3 dxe4 4. Qh5 e6 5. Nc3 Nf6 6. Qh4 Be7 7. Nxe4 Nbd7 8.
d4 c5 9. c3 b6 10. Bg5 Bb7 11. Nxf6+ Nxf6 12. Nf3 cxd4 13. O-O-O Bxf3 14. Rxd4
Bd5 15. c4 Qc8 16. f3 O-O 17. Kb1 Bc6 18. Bc2 h6 19. Bxh6 gxh6 20. Qxh6 Rd8 21.
Rg4+ Nxg4 22. Qh7+ Kf8 23. Qh8# 1-0

[Event "Montcalm 6 2017-18"]
[Site "Quebec CAN"]
[Date "2018.04.05"]
[Round "3"]
[White "Le-Huu, Pascal"]
[Black "Bourdeau, Yvan"]
[Result "0-1"]
[WhiteElo "1225"]
[BlackElo "1439"]
[PlyCount "46"]
[EventDate "2018.03.22"]
[EventType "swiss"]
[EventRounds "5"]
[EventCountry "CAN"]

1. d4 Nf6 2. Bf4 g6 3. Nf3 Bg7 4. e3 O-O 5. Nbd2 d6 6. c3 Nbd7 7. Bd3 Re8 8.
Nc4 Ng4 9. O-O e5 10. dxe5 Ngxe5 11. Be2 Nxc4 12. Bxc4 Ne5 13. Nxe5 Bxe5 14.
Qb3 Qe7 15. Bxe5 dxe5 16. e4 c6 17. f4 b5 18. Bd5 Qc5+ 19. Kh1 cxd5 20. fxe5
Be6 21. Qc2 Red8 22. Qd2 dxe4 23. Qh6 Qxe5 0-1

[Event "Montcalm 6 2017-18"]
[Site "Quebec CAN"]
[Date "2018.04.05"]
[Round "3"]
[White "Pare, Marc"]
[Black "Gaulin, Elie"]
[Result "1-0"]
[WhiteElo "2038"]
[BlackElo "1157"]
[PlyCount "69"]
[EventDate "2018.03.22"]
[EventType "swiss"]
[EventRounds "5"]
[EventCountry "CAN"]

1. e4 c5 2. c3 d6 3. d4 cxd4 4. cxd4 g6 5. Nc3 a6 6. Bd3 Bg7 7. Nge2 Nc6 8. Be3
Bd7 9. O-O Rc8 10. Rc1 Nf6 11. h3 O-O 12. f4 Nb4 13. Bb1 e5 14. fxe5 dxe5 15.
Qe1 exd4 16. Bxd4 Nc6 17. Bc5 Re8 18. Qf2 Be6 19. Rcd1 Qc7 20. Nd5 Bxd5 21.
exd5 Nb8 22. Bd4 Qd6 23. Nc3 Nbd7 24. Ne4 Qe7 25. Nxf6+ Bxf6 26. Bxf6 Nxf6 27.
Qxf6 Qe3+ 28. Kh1 Rc7 29. d6 Rd7 30. Bf5 gxf5 31. Rxf5 Re6 32. Rg5+ Qxg5 33.
Qxg5+ Rg6 34. Qc5 Kg7 35. Qe5+ 1-0

[Event "Montcalm 6 2017-18"]
[Site "Quebec CAN"]
[Date "2018.04.05"]
[Round "3"]
[White "Sauve, Richard"]
[Black "Garcia Casillas, Carlos"]
[Result "1-0"]
[WhiteElo "1961"]
[BlackElo "1756"]
[PlyCount "115"]
[EventDate "2018.03.22"]
[EventType "swiss"]
[EventRounds "5"]
[EventCountry "CAN"]

1. d4 Nf6 2. c4 g6 3. Nc3 Bg7 4. e4 d6 5. f3 O-O 6. Be3 Nbd7 7. Bd3 c5 8. Nge2
cxd4 9. Nxd4 Ne5 10. Be2 Bd7 11. O-O Rc8 12. Qb3 Re8 13. Rac1 Qa5 14. Rfd1 a6
15. Nd5 Nxd5 16. cxd5 b5 17. a3 Kh8 18. h3 Rxc1 19. Rxc1 Rc8 20. Rxc8+ Bxc8 21.
Kf2 Qc7 22. Qc2 Qxc2 23. Nxc2 Bf6 24. Bd4 Kg7 25. Ke3 g5 26. Bf1 h5 27. b3 g4
28. hxg4 hxg4 29. f4 Nd7 30. Bxf6+ Kxf6 31. b4 Nb6 32. Kd4 Na4 33. g3 e5+ 34.
fxe5+ dxe5+ 35. Kd3 Ke7 36. Ne3 Kf6 37. Be2 Kg5 38. Kd2 f5 39. exf5 Bxf5 40.
Bd3 e4 41. Bc2 Nb6 42. Kc3 Nd7 43. Kd4 Nf6 44. d6 Bd7 45. Bxe4 Nh5 46. Nf1 Kf6
47. Bd5 Ng7 48. Kc5 Ke5 49. Ne3 Bc8 50. Kc6 Kd4 51. Kc7 Ne8+ 52. Kxc8 Nxd6+ 53.
Kd7 Nc4 54. Nxc4 bxc4 55. Kd6 c3 56. Bb3 Ke3 57. Kd5 Kd3 58. a4 1-0

[Event "Montcalm 6 2017-18"]
[Site "Quebec CAN"]
[Date "2018.04.12"]
[Round "4"]
[White "Auger, Bertrand"]
[Black "Sauve, Richard"]
[Result "1/2-1/2"]
[WhiteElo "1906"]
[BlackElo "1961"]
[PlyCount "93"]
[EventDate "2018.03.22"]
[EventType "swiss"]
[EventRounds "5"]
[EventCountry "CAN"]

1. Nf3 d5 2. g3 e6 3. c4 Bd6 4. Bg2 c6 5. Qc2 f5 6. O-O Nf6 7. d3 O-O 8. Nc3
Nbd7 9. cxd5 exd5 10. e4 Ne5 11. exd5 cxd5 12. Nd4 Bb4 13. Bg5 Bxc3 14. bxc3
Nc6 15. Qa4 Nxd4 16. Qxd4 Be6 17. Rfe1 Qd7 18. Re5 h6 19. Bxf6 Rxf6 20. Rae1
Rd8 21. f4 b6 22. Qe3 Bf7 23. Qd4 Kh8 24. Re7 Qc8 25. Rxa7 Qc5 26. Qxc5 bxc5
27. Ree7 Kg8 28. Red7 Rxd7 29. Rxd7 d4 30. c4 Ra6 31. Rd8+ Kh7 32. Ra8 Rb6 33.
Bf3 Rb1+ 34. Kg2 Rb2+ 35. Kh3 Rd2 36. Ra3 g5 37. fxg5 hxg5 38. g4 Bg6 39. Ra7+
Kh6 40. Ra6 Rxd3 41. Kg2 Rd2+ 42. Kg1 Kg7 43. Ra7+ Kf6 44. Ra6+ Kg7 45. Ra7+
Kf6 46. Ra6+ Kg7 47. Ra7+ 1/2-1/2

[Event "Montcalm 6 2017-18"]
[Site "Quebec CAN"]
[Date "2018.04.12"]
[Round "4"]
[White "Boissinot, Claude"]
[Black "Pare, Marc"]
[Result "0-1"]
[WhiteElo "1514"]
[BlackElo "2038"]
[PlyCount "82"]
[EventDate "2018.03.22"]
[EventType "swiss"]
[EventRounds "5"]
[EventCountry "CAN"]

1. e4 d5 2. exd5 Nf6 3. d4 Nxd5 4. Bc4 e6 5. Nf3 Be7 6. O-O O-O 7. Bd2 Nd7 8.
Nc3 Nxc3 9. Bxc3 Bf6 10. Re1 c5 11. Qd2 Nb6 12. Bd3 Nd5 13. Rad1 Nxc3 14. bxc3
Qc7 15. Rb1 b6 16. Be4 Rb8 17. Qe3 Ba6 18. Ne5 Bxe5 19. dxe5 f5 20. Bf3 Rfd8
21. Rbd1 h6 22. g3 Qe7 23. Bg2 g5 24. f4 g4 25. h3 gxh3 26. Bxh3 Rxd1 27. Rxd1
Rd8 28. Rxd8+ Qxd8 29. Qe1 Bb7 30. Kh2 Qd5 31. a3 Qf3 32. Qg1 Qxc3 33. Qd1 Qd4
34. Qxd4 cxd4 35. Bf1 Be4 36. Bd3 Bxd3 37. cxd3 Kg7 38. Kh3 b5 39. g4 Kg6 40.
Kh4 a5 41. gxf5+ Kxf5 0-1

[Event "Montcalm 6 2017-18"]
[Site "Quebec CAN"]
[Date "2018.04.12"]
[Round "4"]
[White "Chabot, Sebastien"]
[Black "Le-Huu, Pascal"]
[Result "1/2-1/2"]
[WhiteElo "1278"]
[BlackElo "1225"]
[PlyCount "112"]
[EventDate "2018.03.22"]
[EventType "swiss"]
[EventRounds "5"]
[EventCountry "CAN"]

1. d4 d5 2. c4 Nc6 3. Nf3 Nf6 4. Nc3 e6 5. Bg5 Be7 6. e3 O-O 7. Bxf6 Bxf6 8.
cxd5 exd5 9. Be2 Bg4 10. O-O Ne7 11. b4 a6 12. a4 c6 13. a5 Nf5 14. Na4 Rb8 15.
Nb6 Nd6 16. Rc1 Ne4 17. Nd2 Bf5 18. Nf3 Qd6 19. Qe1 Rbd8 20. Bd3 Bg4 21. Be2
Ng5 22. Qd1 Qxb4 23. Na4 Qxa5 24. Nc5 Qc7 25. Nxg5 Bxe2 26. Qxe2 Bxg5 27. Rb1
Rb8 28. f4 Bh6 29. f5 f6 30. Ne6 Qe7 31. Nxf8 Bxe3+ 32. Kh1 Rxf8 33. Rf3 Re8
34. Rxe3 Qxe3 35. Qxe3 Rxe3 36. h4 Re7 37. Rb6 a5 38. Kg1 a4 39. Kf2 a3 40. Rb3
h6 41. h5 b5 42. Rxa3 b4 43. Rb3 Rb7 44. g4 Kh7 45. Kf3 Rb5 46. Ke3 c5 47. dxc5
Rxc5 48. Rxb4 Rc1 49. Rd4 Re1+ 50. Kd2 Re5 51. Kd3 Kg8 52. Ra4 Kh7 53. Rb4 Kg8
54. Rb8+ Kh7 55. Rb4 Kg8 56. Rb8+ Kh7 1/2-1/2

[Event "Montcalm 6 2017-18"]
[Site "Quebec CAN"]
[Date "2018.04.12"]
[Round "4"]
[White "Cournoyer, Dominic"]
[Black "Gaulin, Gaetan"]
[Result "1-0"]
[WhiteElo "1965"]
[BlackElo "1906"]
[PlyCount "105"]
[EventDate "2018.03.22"]
[EventType "swiss"]
[EventRounds "5"]
[EventCountry "CAN"]

1. c4 e5 2. Nc3 Nf6 3. Nf3 Nc6 4. g3 Bb4 5. Bg2 O-O 6. O-O d6 7. d4 exd4 8.
Nxd4 Ne5 9. Nd5 Nxd5 10. cxd5 Bc5 11. Nb3 Bb6 12. a4 a6 13. a5 Ba7 14. Qc2 Bd7
15. Bd2 Rc8 16. Bc3 Re8 17. Nd4 Qe7 18. Qb3 Rb8 19. Rac1 Bxd4 20. Bxd4 c5 21.
dxc6 bxc6 22. Qc3 c5 23. Bxe5 Qxe5 24. Qxe5 Rxe5 25. Rfd1 Rxe2 26. Rxd6 Bb5 27.
Bf1 Re6 28. Rxe6 fxe6 29. Rxc5 Bxf1 30. Kxf1 Rxb2 31. Rc6 Ra2 32. Rxa6 Kf7 33.
Ra8 g5 34. a6 g4 35. a7 Kg7 36. Kg2 h5 37. h3 Kh7 38. hxg4 hxg4 39. Re8 Rxa7
40. Rxe6 Ra4 41. Rf6 Ra7 42. Kf1 Rg7 43. Ke2 Rg5 44. Ke3 Kg7 45. Rf4 Kg6 46.
Ke4 Kh6 47. Rf5 Rg8 48. Kf4 Rg7 49. Rf8 Rg6 50. Rf5 Rg7 51. Rf6+ Kh5 52. Rf8
Rh7 53. Rf5+ 1-0

[Event "Montcalm 6 2017-18"]
[Site "Quebec CAN"]
[Date "2018.04.12"]
[Round "4"]
[White "Leblanc-Legault, Mathieu"]
[Black "Cummins, Paul"]
[Result "1/2-1/2"]
[WhiteElo "1721"]
[BlackElo "1729"]
[PlyCount "48"]
[EventDate "2018.03.22"]
[EventType "swiss"]
[EventRounds "5"]
[EventCountry "CAN"]

1. d4 Nf6 2. c4 e6 3. a3 b6 4. Nc3 Ba6 5. e4 d6 6. Nf3 Be7 7. Bd3 O-O 8. O-O
Nbd7 9. Qc2 e5 10. d5 Nc5 11. Be2 Bc8 12. b4 Ncd7 13. h3 h6 14. Be3 Nh7 15. Bd3
Ng5 16. Nxg5 Bxg5 17. f4 exf4 18. Bxf4 Bxf4 19. Rxf4 Ne5 20. Raf1 Qg5 21. Kh1
Qg3 22. Be2 Bxh3 23. gxh3 Qxh3+ 24. Kg1 Qg3+ 1/2-1/2

[Event "Montcalm 6 2017-18"]
[Site "Quebec CAN"]
[Date "2018.04.12"]
[Round "4"]
[White "Perreault, Jacquelin"]
[Black "Garcia-Casillas, Carlos"]
[Result "1-0"]
[WhiteElo "1819"]
[BlackElo "1756"]
[PlyCount "55"]
[EventDate "2018.03.22"]
[EventType "swiss"]
[EventRounds "5"]
[EventCountry "CAN"]

1. e4 c5 2. Nf3 d6 3. d4 cxd4 4. Nxd4 Nf6 5. Nc3 a6 6. Bc4 b5 7. Bb3 e6 8. Qf3
Bb7 9. O-O Nbd7 10. Re1 Nc5 11. Bg5 Be7 12. Rad1 O-O 13. a3 Nfxe4 14. Bxe7 Qxe7
15. Nxe4 Nxb3 16. Qxb3 Rac8 17. Qg3 Rfd8 18. Rd3 Rc4 19. b3 Rc7 20. Qg5 Qxg5
21. Nxg5 e5 22. Nde6 fxe6 23. Nxe6 Rcd7 24. Nxd8 Rxd8 25. Rxe5 Rc8 26. Rxd6
Rxc2 27. h4 Rc3 28. Re7 1-0

[Event "Montcalm 6 2017-18"]
[Site "Quebec CAN"]
[Date "2018.04.19"]
[Round "5"]
[White "Cummins, Paul"]
[Black "Dumont, Eric"]
[Result "1-0"]
[WhiteElo "1729"]
[BlackElo "1710"]
[PlyCount "79"]
[EventDate "2018.03.22"]
[EventType "swiss"]
[EventRounds "5"]
[EventCountry "CAN"]

1. e4 c6 2. d4 d5 3. Nc3 dxe4 4. Nxe4 Bf5 5. Ng3 Bg6 6. Nf3 Nf6 7. Ne5 Nbd7 8.
Nxg6 hxg6 9. Be3 Nd5 10. Bc4 Nxe3 11. fxe3 e6 12. Qf3 Nf6 13. O-O-O Qc7 14. e4
O-O-O 15. e5 Nd5 16. Ne4 Bb4 17. c3 Bf8 18. h3 b5 19. Bb3 a5 20. a4 Nb6 21.
axb5 cxb5 22. Ng5 Rh4 23. g4 a4 24. Ba2 b4 25. Nxf7 b3 26. Bxb3 axb3 27. Nxd8
Qxd8 28. Qc6+ Kb8 29. Rdf1 Rh8 30. Rf7 Be7 31. Rxe7 Qxe7 32. Qxb6+ Kc8 33. Qxb3
Qg5+ 34. Kb1 Qe7 35. Qb6 Qe8 36. Rf1 Rxh3 37. Qa6+ Kb8 38. Qd6+ Kb7 39. Qb4+
Kc7 40. Rf8 1-0

[Event "Montcalm 6 2017-18"]
[Site "Quebec CAN"]
[Date "2018.04.19"]
[Round "5"]
[White "Fecteau, Martin"]
[Black "Cournoyer, Dominic"]
[Result "1/2-1/2"]
[WhiteElo "1902"]
[BlackElo "1965"]
[PlyCount "67"]
[EventDate "2018.03.22"]
[EventType "swiss"]
[EventRounds "5"]
[EventCountry "CAN"]

1. d4 Nf6 2. c4 e5 3. dxe5 Ng4 4. Nf3 Nc6 5. e3 Ngxe5 6. Nxe5 Nxe5 7. Be2 Bb4+
8. Bd2 Bxd2+ 9. Qxd2 d6 10. O-O O-O 11. Nc3 Be6 12. b3 f5 13. Nd5 Kh8 14. f4
Nd7 15. Bf3 Rb8 16. Rae1 Nf6 17. Nxf6 Rxf6 18. e4 fxe4 19. Bxe4 Qd7 20. Rf2 b6
21. g3 h6 22. Rfe2 Bg4 23. Re3 Rff8 24. Bg6 Qc6 25. Qd5 Qxd5 26. cxd5 Bf5 27.
Bh5 g6 28. Bf3 Rf7 29. Re8+ Rxe8 30. Rxe8+ Kg7 31. b4 Bb1 32. a3 Rf8 33. Re7+
Rf7 34. Re8 1/2-1/2

[Event "Montcalm 6 2017-18"]
[Site "Quebec CAN"]
[Date "2018.04.19"]
[Round "5"]
[White "Gaulin, Elie"]
[Black "Bourdeau, Yvan"]
[Result "1-0"]
[WhiteElo "1157"]
[BlackElo "1439"]
[PlyCount "77"]
[EventDate "2018.03.22"]
[EventType "swiss"]
[EventRounds "5"]
[EventCountry "CAN"]

1. d4 Nf6 2. Bf4 g6 3. Nf3 Bg7 4. c3 O-O 5. Qc1 Re8 6. Bh6 Bh8 7. e3 d6 8. Bc4
d5 9. Bd3 e5 10. Nxe5 Ng4 11. Nxg4 Bxg4 12. h3 Bd7 13. Nd2 Nc6 14. Qc2 f5 15.
O-O-O Qh4 16. Bf4 Qd8 17. Nf3 Bg7 18. h4 h6 19. h5 g5 20. Bh2 Ne7 21. Kb1 Be6
22. Be5 a6 23. Bxg7 Kxg7 24. Ne5 Rf8 25. f4 Ng8 26. c4 g4 27. cxd5 Bxd5 28.
Bxf5 Qe8 29. Qxc7+ Qe7 30. Qxe7+ Nxe7 31. Bxg4 Be4+ 32. Ka1 Nd5 33. Rh3 Rad8
34. Bf3 Nf6 35. Rg3+ Kh8 36. Bxe4 Nxe4 37. Ng6+ Kh7 38. Nxf8+ Rxf8 39. Rg6 1-0

[Event "Montcalm 6 2017-18"]
[Site "Quebec CAN"]
[Date "2018.04.19"]
[Round "5"]
[White "Gaulin, Gaetan"]
[Black "Pare, Marc"]
[Result "1-0"]
[WhiteElo "1906"]
[BlackElo "2038"]
[PlyCount "84"]
[EventDate "2018.03.22"]
[EventType "swiss"]
[EventRounds "5"]
[EventCountry "CAN"]

1. Nf3 f5 2. d3 Nf6 3. c4 d6 4. g3 e5 5. Nc3 Be7 6. Bg2 O-O 7. O-O c6 8. Rb1 a5
9. a3 Na6 10. b4 axb4 11. axb4 Bd7 12. b5 Nc5 13. Qc2 Ne6 14. e3 Kh8 15. Bd2
Qc7 16. Rfc1 Rac8 17. Qb2 Qd8 18. Ra1 Qe8 19. Ra7 Rb8 20. Rca1 Qh5 21. Qc2 Rfc8
22. Qd1 g5 23. Ne1 Qg6 24. bxc6 bxc6 25. Rb1 Bd8 26. Rxb8 Rxb8 27. Qa1 Qe8 28.
Ra8 Bc7 29. Rxb8 Qxb8 30. Qa3 Kg7 31. Nc2 Nc5 32. Nb4 e4 33. dxe4 Nfxe4 34. Be1
Qb7 35. Nxe4 fxe4 36. Bc3+ Kf7 37. Bb2 Be6 38. Qc3 Ke7 39. Qg7+ Ke8 40. Bf6 Bf7
41. Bh3 g4 42. Bxg4 Nd7 1-0

[Event "Montcalm 6 2017-18"]
[Site "Quebec CAN"]
[Date "2018.04.19"]
[Round "5"]
[White "Leblanc-Legault, Mathieu"]
[Black "Boissinot, Claude"]
[Result "1-0"]
[WhiteElo "1721"]
[BlackElo "1514"]
[PlyCount "103"]
[EventDate "2018.03.22"]
[EventType "swiss"]
[EventRounds "5"]
[EventCountry "CAN"]

1. d4 Nf6 2. c4 e6 3. a3 b6 4. Nc3 d5 5. cxd5 exd5 6. Nf3 Bb7 7. Bf4 a6 8. e3
Nbd7 9. Bd3 Be7 10. O-O O-O 11. h3 c5 12. Rc1 Rc8 13. Re1 h6 14. Bf5 Ra8 15.
Ne5 c4 16. Nxd7 Nxd7 17. Bxh6 Nf6 18. Bg5 g6 19. Bb1 Qd6 20. Qf3 Rad8 21. Rcd1
Rfe8 22. Bf4 Qd7 23. Be5 Nh7 24. Qg3 Qe6 25. e4 dxe4 26. Bxe4 Bxe4 27. Nxe4 Nf8
28. f4 f5 29. Ng5 Bxg5 30. Qxg5 Qf7 31. Qh4 Qh7 32. Qxh7+ Kxh7 33. Bf6 Rxe1+
34. Rxe1 Rd7 35. Re8 Rf7 36. Bg5 Nd7 37. Re6 a5 38. Kf2 b5 39. Ke2 Kg7 40. Kd2
b4 41. axb4 axb4 42. Rc6 Nf6 43. Bxf6+ Rxf6 44. Rxc4 Rb6 45. d5 Kf6 46. Rc6+
Rxc6 47. dxc6 Ke6 48. Kc2 Kd6 49. Kb3 Kxc6 50. Kxb4 Kb6 51. Kc4 Kc6 52. b4 1-0

[Event "Montcalm 6 2017-18"]
[Site "Quebec CAN"]
[Date "2018.04.19"]
[Round "5"]
[White "Sarra-Bournet, Marc"]
[Black "Auger, Bertrand"]
[Result "0-1"]
[WhiteElo "1930"]
[BlackElo "1906"]
[PlyCount "102"]
[EventDate "2018.03.22"]
[EventType "swiss"]
[EventRounds "5"]
[EventCountry "CAN"]

1. e4 e6 2. d4 d5 3. exd5 exd5 4. Bd3 Bd6 5. Nf3 Ne7 6. O-O O-O 7. Bg5 f6 8.
Bh4 Bf5 9. Re1 Qd7 10. Rxe7 Bxe7 11. Nc3 Nc6 12. Bg3 Nb4 13. Bxf5 Qxf5 14. Rc1
c6 15. a3 Na6 16. Ne2 g5 17. h3 Rad8 18. Bh2 Bd6 19. Ng3 Bxg3 20. Bxg3 Rfe8 21.
Nh2 Qg6 22. c3 h5 23. h4 g4 24. Nf1 Nb8 25. Qd2 Nd7 26. Bc7 Rc8 27. Bf4 Re4 28.
Ng3 Re6 29. Be3 Rf8 30. Ne2 Qh7 31. Nf4 Ree8 32. c4 dxc4 33. Rxc4 Qf7 34. Qc2
f5 35. Nd3 Re4 36. Bh6 Rfe8 37. Rb4 Re2 38. Qc1 b6 39. Qg5+ Kh7 40. Qc1 Qg6 41.
Bf4 Qe6 42. Ne5 Nxe5 43. dxe5 c5 44. Ra4 Re7 45. Kf1 Re4 46. Rxe4 fxe4 47. Bg5
Rf7 48. Bf6 Qf5 49. Qe3 Rd7 50. Qb3 e3 51. Qxe3 Qb1+ 0-1

[Event "Montcalm 6 2017-18"]
[Site "Quebec CAN"]
[Date "2018.04.19"]
[Round "5"]
[White "Sauve, Richard"]
[Black "Perreault, Jacquelin"]
[Result "1-0"]
[WhiteElo "1961"]
[BlackElo "1819"]
[PlyCount "79"]
[EventDate "2018.03.22"]
[EventType "swiss"]
[EventRounds "5"]
[EventCountry "CAN"]

1. d4 Nf6 2. c4 e6 3. Nc3 Bb4 4. Qc2 O-O 5. a3 Bxc3+ 6. Qxc3 b6 7. Bg5 d6 8. e3
Nbd7 9. Bd3 Bb7 10. f3 h6 11. Bh4 c5 12. Ne2 Rc8 13. Qb3 Qe7 14. O-O d5 15.
Rac1 Ba6 16. Qa4 Bxc4 17. Bxc4 dxc4 18. Rxc4 b5 19. Qxb5 Rb8 20. Bxf6 Nxf6 21.
Qxc5 Qxc5 22. Rxc5 Rxb2 23. Nc3 Rfb8 24. Rf2 R2b3 25. a4 Ra3 26. Rc2 Rbb3 27.
e4 Rb4 28. d5 exd5 29. exd5 Rd4 30. Kf2 Ra1 31. Ke3 Rb4 32. d6 Rb8 33. Rd2 Rd8
34. Kf2 Ra3 35. a5 g5 36. Ne4 Nd7 37. Rf5 Kg7 38. Rc2 Kg6 39. g4 Rd3 40. Rc7
1-0

[Event "Montcalm 7 2017-18"]
[Site "Quebec CAN"]
[Date "2018.04.26"]
[Round "1"]
[White "Boissinot, Claude"]
[Black "Cummins, Paul"]
[Result "0-1"]
[WhiteElo "1502"]
[BlackElo "1761"]
[PlyCount "116"]
[EventDate "2018.04.26"]
[EventType "swiss"]
[EventRounds "5"]
[EventCountry "CAN"]

1. e4 e6 2. d4 c5 3. Nf3 cxd4 4. Nxd4 a6 5. Bc4 b5 6. Bb3 Bb7 7. Nd2 Bc5 8.
N4f3 Ne7 9. O-O Qb6 10. c3 Ng6 11. g3 Nc6 12. Bc2 O-O-O 13. Nb3 Be7 14. Be3 Qc7
15. Nbd4 h5 16. h4 f5 17. exf5 Nxd4 18. Nxd4 e5 19. fxg6 exd4 20. Bf4 Qc6 21.
f3 dxc3 22. bxc3 Rdf8 23. Be3 Qc7 24. Kh2 Bxh4 25. Qe1 Bd8 26. a4 h4 27. Kg2
h3+ 28. Kh2 Bc6 29. a5 Qb7 30. Bd1 Bxf3 31. Bxf3 Rxf3 32. Rxf3 Qxf3 33. Qf2
Qxf2+ 34. Bxf2 Rh6 35. Bd4 Rxg6 36. Kxh3 Bc7 37. Bf2 Rc6 38. Bd4 Rh6+ 39. Kg2
Rg6 40. Bf2 Kb7 41. Kf3 Kc6 42. Be1 Be5 43. Rc1 Kd5 44. Rb1 Bc7 45. Ra1 Kc4 46.
Rb1 Bxa5 47. Rc1 Rf6+ 48. Ke2 Bb6 49. Ra1 Re6+ 50. Kd1 Bc7 51. Ra2 Rg6 52. Rg2
Be5 53. Kc2 a5 54. g4 a4 55. Kb2 b4 56. Kc2 b3+ 57. Kb2 a3+ 58. Kxa3 Ra6+ 0-1

[Event "Montcalm 7 2017-18"]
[Site "Quebec CAN"]
[Date "2018.04.26"]
[Round "1"]
[White "Garcia Casillas, Carlos"]
[Black "Hines, Jason"]
[Result "1-0"]
[WhiteElo "1761"]
[BlackElo "1502"]
[PlyCount "57"]
[EventDate "2018.04.26"]
[EventType "swiss"]
[EventRounds "5"]
[EventCountry "CAN"]

1. e4 d6 2. d4 f5 3. Nc3 Nf6 4. Bd3 Nc6 5. Nf3 fxe4 6. Nxe4 e5 7. Nxf6+ Qxf6 8.
Bg5 Qf7 9. dxe5 Bg4 10. exd6 Bxd6 11. Be2 Bxf3 12. Bxf3 Qe6+ 13. Qe2 Qxe2+ 14.
Bxe2 h6 15. Bh5+ Kf8 16. Be3 Ne7 17. O-O-O a6 18. Rhe1 Kg8 19. Bd4 Kh7 20. Bc3
Rhf8 21. Rxd6 Ng8 22. Bg6+ Kh8 23. Rd7 Nf6 24. Rxc7 Rac8 25. Ree7 Rxc7 26. Rxc7
b5 27. f4 Rg8 28. Bxf6 gxf6 29. Rh7# 1-0

[Event "Montcalm 7 2017-18"]
[Site "Quebec CAN"]
[Date "2018.04.26"]
[Round "1"]
[White "Le-Huu, Pascal"]
[Black "Marois, Remi"]
[Result "0-1"]
[WhiteElo "1215"]
[BlackElo "1627"]
[PlyCount "47"]
[EventDate "2018.04.26"]
[EventType "swiss"]
[EventRounds "5"]
[EventCountry "CAN"]

1. d4 Nf6 2. Bf4 g6 3. Nf3 Bg7 4. e3 O-O 5. Bd3 d6 6. c3 Nbd7 7. Nbd2 Re8 8.
Qc2 e5 9. Bg5 d5 10. Nxe5 Nxe5 11. dxe5 Rxe5 12. Bf4 Re7 13. O-O c5 14. e4 c4
15. Nxc4 dxc4 16. Bxc4 Rxe4 17. Qb3 Rxf4 18. Bxf7+ Kh8 19. Rad1 Qf8 20. Rfe1
Re4 21. Bxg6 Rxe1+ 22. Rxe1 hxg6 23. Re3 Bd7 24. Qxb7 0-1

[Event "Montcalm 7 2017-18"]
[Site "Quebec CAN"]
[Date "2018.04.26"]
[Round "1"]
[White "Leblanc-Legault, Mathieu"]
[Black "Chabot, Sebastien"]
[Result "1-0"]
[WhiteElo "1700"]
[BlackElo "1300"]
[PlyCount "95"]
[EventDate "2018.04.26"]
[EventType "swiss"]
[EventRounds "5"]
[EventCountry "CAN"]

1. d4 d5 2. c4 e6 3. Nc3 Nf6 4. Bg5 Bb4 5. e3 O-O 6. Bd3 dxc4 7. Bxc4 Qe7 8.
Nge2 c6 9. O-O Nbd7 10. a3 Bd6 11. Rc1 Bxh2+ 12. Kh1 Bd6 13. Ne4 e5 14. Nxd6
Qxd6 15. dxe5 Qxe5 16. Bf4 Qh5+ 17. Kg1 Ne5 18. Ng3 Nf3+ 19. Qxf3 Qxf3 20. gxf3
h5 21. Bg5 Nh7 22. Be7 Re8 23. Bd6 Bh3 24. Rfd1 Ng5 25. Be2 g6 26. Kh2 Rad8 27.
Bf4 f6 28. Bxg5 fxg5 29. Kxh3 h4 30. Rxd8 Rxd8 31. Ne4 Kg7 32. Rd1 Rxd1 33.
Bxd1 Kf7 34. Nxg5+ Kf6 35. Kxh4 Ke5 36. Bc2 Kd5 37. Bxg6 Kc4 38. Bc2 b5 39. f4
a5 40. f5 c5 41. f6 b4 42. axb4 axb4 43. f7 b3 44. Bb1 Kb4 45. f8=Q Kc4 46. Ne4
Kb4 47. Qxc5+ Ka4 48. Nc3# 1-0

[Event "Montcalm 7 2017-18"]
[Site "Quebec CAN"]
[Date "2018.04.26"]
[Round "1"]
[White "Pouliot, Lewis"]
[Black "Dumont, Eric"]
[Result "1-0"]
[WhiteElo "1493"]
[BlackElo "1706"]
[PlyCount "57"]
[EventDate "2018.04.26"]
[EventType "swiss"]
[EventRounds "5"]
[EventCountry "CAN"]

1. d4 d5 2. c4 c6 3. Nc3 Nf6 4. Nf3 g6 5. Bg5 Bg7 6. e3 Nbd7 7. Bd3 O-O 8. a3
b6 9. cxd5 cxd5 10. O-O Bb7 11. Rc1 Rc8 12. Qa4 a5 13. Nd2 e5 14. Bxf6 Bxf6 15.
dxe5 Nxe5 16. Be2 Bg7 17. Nf3 Nc4 18. Qb3 Ne5 19. Rfd1 d4 20. Nxd4 Qg5 21. e4
Nd3 22. Ne6 fxe6 23. Qxe6+ Kh8 24. Bxd3 Bd4 25. Rc2 Rce8 26. Qd7 Bc8 27. Qxd4+
Rf6 28. Nd5 Ref8 29. Nxf6 1-0